000 00505nam a2200181Ia 4500
008 131103s9999 xx 000 0 und d
020 _cRs.10.00
040 _aLoreto College
041 _aEnglish
082 _a372.21/KOH
_bLCBED/1512
100 _aKohn, Ruth
245 4 _aThe exploring child
_b a hand-book for pre-primary teachers
_cRuth Kohn
260 _aBombay
_bOrient longman
_c1972
300 _a196p
_c 21cm.
650 _aElementary education
850 _aLCBED/372.21/KOH
942 _cBK
999 _c27301
_d77780